Grianan

Saved in:
Bibliographic Details
Main Author: RaifelhAlexandra
Format: Book
Published: BritainlbHodder & Stoughtonlc1998
Tags: Add Tag
No Tags, Be the first to tag this record!
Call Number :PZ7. RAI 1998

MARC

LEADER 00000pam a2200000 4500
001 15278
003 MY-KLNDU
005 20241218060303.0
020 0 0 |a 0340738960 
035 |a 0000007671 
039 9 |y 200910081635  |z VLOAD 
090 0 0 |a PZ7.  |b RAI 1998 
100 1 0 |a RaifelhAlexandra 
245 1 0 |a Grianan  |c Alexandra Raifel 
260 0 0 |a BritainlbHodder & Stoughtonlc1998 
300 |a 377p.  |c 17cm 
999 |a vtls000015292  |c 15278  |d 15278